Pays avec que des lettres différentes - Statistiques

Statistiques générales
  • Ce quiz a été pris 98 fois
    71 depuis la dernière actualisation
  • Le résultat moyen est 35 sur 55
Statistiques - réponses
Réponse % Correct
France
96%
Inde
89%
Japon
87%
Chine
85%
Maroc
85%
Portugal
85%
Irak
80%
Iran
80%
Mali
80%
Libye
78%
Oman
78%
Irlande
76%
Laos
76%
Pérou
76%
Islande
74%
Ukraine
74%
Brésil
70%
Israël
70%
Niger
70%
Liban
69%
Somalie
69%
Soudan
69%
Népal
67%
Bhoutan
65%
Cambodge
65%
Cuba
65%
Hongrie
65%
Kenya
65%
Viêt Nam
65%
Malte
63%
Bulgarie
59%
Chypre
59%
Suriname
59%
Syrie
59%
Zambie
59%
Cap-Vert
57%
Koweït
57%
Roumanie
57%
Slovaquie
57%
Tchad
57%
Bahreïn
56%
Gabon
56%
Cameroun
54%
Croatie
54%
Maldives
54%
Singapour
54%
Autriche
52%
Jordanie
52%
Brunei
48%
Honduras
48%
Moldavie
48%
Ouzbékistan
48%
Maurice
39%
Gambie
37%
Tonga
33%
Aucun quiz correspondant
Distribution des résultats
% des personnes avec chaque résultat
Percentile par nombre de réponses
Votre historique - résultats
Vous n’avez pas pris ce quiz depuis la dernière actualisation